| 000 | 00364nam a2200145Ia 4500 | ||
|---|---|---|---|
| 008 | 191201s2013 xx 000 0 und d | ||
| 082 |
_a005.74 _bELD |
||
| 100 | _aELMASRI,Ramez | ||
| 245 | 0 | _aDatabase systems modles language design and ... | |
| 250 | _a6th | ||
| 260 |
_aN. delhi _bpearson _c2013 |
||
| 300 | _a1214 | ||
| 650 | _aB.Tech(CSE) | ||
| 942 |
_2ddc _cBK _04 |
||
| 999 |
_c5655 _d5655 |
||